Biología : la diversidad de forma y unidad de patrones en los seres vivos /

Guardado en:
Autor Principal: Vattuone, Lucy F De
Formato: Libro
Publicado: Buenos Aires : El Ateneo, 1980
Edición:3a. ed.
Materias:
Etiquetas: Agregar Etiqueta
Sin Etiquetas, Sea el primero en etiquetar este registro!
LEADER 00794nam a22002055a 4500
001 CEM.cems006470
008 130507s1980##################000#0#####d
005 20240410091943.0
245 1 0 |a Biología :  |b la diversidad de forma y unidad de patrones en los seres vivos / 
250 |a 3a. ed. 
260 |a Buenos Aires :  |b El Ateneo,  |c 1980 
300 |a 419 p. 
100 1 |a Vattuone, Lucy F De 
082 0 4 |a 574 
653 |a Biología 
859 |a CEMS  |b BIB. CEMS - 11 de abril  |h 574  |i V459a3/II  |p 8900.81  |t Ej.1 
859 |a CEMS  |b BIB. CEMS - Agricultura  |h 574  |i V459a3/II  |p A8963.81  |t Ej.2 
859 |a CEMS  |b BIB. CEMS - 11 de abril  |h 574  |i V459a3/II  |p 8964.81  |t Ej.3 
859 |a CEMS  |b BIB. CEMS - 11 de abril  |h 574  |i V459a3/II  |p 8961.81  |t Ej.4 
859 |a CEMS  |b BIB. CEMS - 11 de abril  |h 574  |i V459a3/II  |p 8960.81  |t Ej.5